Ведомости к циркуляру МВД от 24 мая 1884 г. со сведениями о населенных местах и народонаселении по Ардатовскому и Арзамасскому у...

RUSMARC
00005450cmc2a2200000#x 450
0011cf22b76462b411fa4df2194e267f508
00520181116144000.0
100##$a20181116l18841884k y0rusy0189 ca
1010#$arus
102##$aRU
251##$cДело
2250#$aФонд Центральный статистический комитет Министерства внутренних дел
$hОпись № 4
300##$aПечатные таблицы, с рукописными пометами и текстом
324##$aМикрофиши
801#0$aRU
$bРГИА
801#1$aRU
$bГлавНИВЦ
$2rusmarc
801#2$aRU
$bПБ им. Б.Н. Ельцина
$c20130917
$gRCR
$2rusmarc
850##$aФедеральное казенное учреждение "Российский государственный исторический архив" (РГИА)
852##$aРГИА
$j284
937##$aASBIBLIO_SCAN
$bРГИА_1290:_4:_284:
$d1110438
$hРГИА
2001#$aВедомости к циркуляру МВД от 24 мая 1884 г. со сведениями о населенных местах и народонаселении по Ардатовскому и Арзамасскому уездам Нижегородской губернии
$j1884
215##$a1083 листа
035##$a1cf22b76462b411fa4df2194e267f508
6061#$2nlr_sh
$3RU\NLR\AUTH\661502482
$aНаселенные места
$jДокументы и материалы
$yНижегородская губерния
6061#$2prlib_sh
$3LIBNET\UAF\0000015852
$aНаселение
$jДокументы и материалы
$yНижегородская губерния
617##$2prlib_sh
$cНижегородская губерния
617##$cНижегородская область
$2prlib_sh
686##$2rubbk
$a63.3(28-8Ниж)52-2ю1
$vLBC/M
605##$2acquisition_Prlib
$3DITM\AF\0000004675
$aТерритория
$lколлекция
605##$aНарод
$lколлекция
$2acquisition_Prlib
$3DITM\AF\0000003834
605##$aНижегородская область: страницы истории
$lколлекция
$2acquisition_Prlib
$3LIBNET\UAF\0000040013
605##$aТерритория России: Нижегородская область
$lколлекция
$2acquisition_Prlib
$3LIBNET\UAF\0000040015
1220#$ad1884######
461#0$1001eb526daf-bdae-4646-bff8-fbb6e04322ec
$12001
$aЦентральный статистический комитет МВД
$1251
$cФонд
$1852
$j1290
462#0$10016c391976-71f3-4ecf-b4eb-e27bc4882cd5
$12001
$a1835-1917 гг.
$vД. 284
$1251
$cОпись
$1852
$j4
Формат отображения